00672nam a2200241 a 4500001001300000003000900013005001700022008003800039020001000077082001800087100001800105245003400123260001300157300000900170500003500179505003500214650001900249700001800268902000800286942000700294952011400301999001500415nice12345678IN_TiNIC20260116011913.0050524s0000 a grp 000 0 urd  ac2.500a297.1226bTAY aTaiyyab, Mohd aNazriya Do Quran Par Ek Nazar abc0000 a120p aincludes index and biblioraphy2 a1 to 14 parts, bound together. aQuran-Theology1 aTaiyyab, Mohd bSRS cBK 001040708StackRoom-aHMIbHMId2007-08-01g2.50l0o297.1226 TAYp08160r2007-08-01v2.50w2005-05-24yBK c4841d4841